Представление документа в формате MARC21

Поле Инд. ПП Название Значение
Тип записи a
Библиографический уровень b
001 Контрольный номер RU/IS/BASE/187797027
005 Дата корректировки 20210114162923.0
008 Кодируемые данные 20051213
084 a Индекс другой классификации/Индекс ББК 88.923; 88.414-99
100 1_ a Автор Королева А. П.
q Полное имя Королева Алина Петровна
100 1_ a Автор Бабаева Е. С.
q Полное имя Бабаева Екатерина Сергеевна
245 10 a Заглавие Групповой тренинг "Наш дружный коллектив" для младших школьников
504 a Библиография Лит. в конце статьи
650 04 a Основная рубрика детская психология
a Основная рубрика возрастная психология
a Основная рубрика практическая психология (прикладная психология)
a Основная рубрика психология
a Основная рубрика психологическое консультирование
653 0_ a Ключевые слова групповой тренинг
a Ключевые слова коллектив
a Ключевые слова коммуникативная компетентность
a Ключевые слова младшие школьники
a Ключевые слова педагогическая психология
a Ключевые слова психология воспитания
a Ключевые слова психосоциальная работа
a Ключевые слова социализация
a Ключевые слова социальная адаптация
a Ключевые слова тренинговые программы
773 18 t Заглавие источника Вестник психосоциальной и коррекционно-реабилитационной работы
d Дата издания источника 2005
g Прочая информация № 4. - С. 35 - 41
w Контрольный № источника RU/IS/BASE/187364321
901 t Тип документа b